000 00503nam a2200205Ia 4500
005 20240823053934.0
008 240823s9999||||xx |||||||||||||| ||und||
020 _a978-93-5024-628-3
041 _aENGLISH
082 _A658.4 Q4
100 _aSubba Rao P
245 0 _aOrganisational Behaviour
250 _a1st
260 _c2014
_bHimalaya Publishign
500 _aYES
650 _aOrganisational Behaviour
_bManagement Studies
700 _a Vikkraman P
942 _cBK
999 _c225299
_d225299